Normal view
MARC view
- جغرافية العالم
Entry Topical Term
001 - CONTROL NUMBER
- control field: 38919
003 - CONTROL NUMBER IDENTIFIER
- control field: JO-AjAnu
005 - DATE AND TIME OF LATEST TRANSACTION
- control field: 20230606080458.0
008 - FIXED-LENGTH DATA ELEMENTS
- fixed length control field: 230606|| aca||aabn | a|a d
040 ## - CATALOGING SOURCE
- Original cataloging agency: JO-AjAnu
- Transcribing agency: JO-AjAnu
150 ## - HEADING--TOPICAL TERM
- Topical term or geographic name entry element: جغرافية العالم
670 ## - SOURCE DATA FOUND
- Source citation: Work cat.: (JO-AjAnu)19961: تاليف هيلير، ف.م؛ ترجمة بكري، عطا؛ مراجعة الشوبكي، علي ،مراجعة الهيتي، شاكر ؛ تصدير الفيل، محمد رشيد, author 38918, جغرافية العالم للأحداث